[Event "SVK-ch15 corr"]
[Site "Slovakia"]
[Date "2000.??.??"]
[Round "?"]
[White "Lelenko, Alexej"]
[Black "Nagy, Milan"]
[Result "1-0"]
[WhiteElo "2069"]
[BlackElo "2477"]
[PlyCount "85"]
[EventDate "2000.??.??"]
[EventType "tourn (corr)"]
[EventRounds "14"]
[EventCountry "SVK"]
[EventCategory "4"]
[SourceTitle "Corr 2002"]
[Source "ChessBase"]
[SourceDate "2002.05.23"]
[SourceVersion "1"]
[SourceVersionDate "2002.05.23"]
[SourceQuality "1"]

1. e4 c5 2. Nf3 Nc6 3. d4 cxd4 4. Nxd4 Qb6 5. Nb3 Nf6 6. Nc3 e6 7. Bd3 Be7 8. Be3 Qc7 9. f4 d6 10. 0-0 a6 11. Qf3 0-0 12. Rae1 Nb4 13. a3 Nxd3 14. cxd3 Bd7 15. Rc1 Qd8 16. Kh1 Rc8 17. Nd4 e5 18. Nc2 Kh8 19. h3 exf4 20. Bxf4 Be6 21. Ne3 Re8 22. Bg3 Qd7 23. d4 Qd8 24. e5 dxe5 25. Bxe5 b5 26. d5 Bd7 27. Nc2 Qb6 28. Bd4 Qb8 29. Rfe1 Kg8 30. Nb4 Qa8 31. Rcd1 a5 32. Nd3 b4 33. axb4 axb4 34. Rxe7 Rxe7 35. Bxf6 gxf6 36. Ne4 Rxe4 37. Qxe4 Qa4 38. Qf3 Qc2 39. Re1 Kg7 40. Rf1 Kg8 41. Rf2 Qc4 42. Ne5 fxe5 43. Qxf7+ 1-0

[Event "SVK-ch15 corr"]
[Site "Slovakia"]
[Date "2000.??.??"]
[Round "?"]
[White "Nagy, Milan"]
[Black "Bazela, Emil"]
[Result "1-0"]
[WhiteElo "2477"]
[BlackElo "2397"]
[PlyCount "85"]
[EventDate "2000.??.??"]
[EventType "tourn (corr)"]
[EventRounds "14"]
[EventCountry "SVK"]
[EventCategory "4"]
[SourceTitle "Corr 2002"]
[Source "ChessBase"]
[SourceDate "2002.05.23"]
[SourceVersion "1"]
[SourceVersionDate "2002.05.23"]
[SourceQuality "1"]

1. c4 Nf6 2. Nc3 e6 3. Nf3 Bb4 4. Qc2 0-0 5. a3 Bxc3 6. Qxc3 b6 7. b4 Bb7 8. Bb2 d6 9. e3 Nbd7 10. Be2 c5 11. d3 Rc8 12. 0-0 e5 13. b5 Ne8 14. a4 f5 15. a5 e4 16. Ne1 Qg5 17. dxe4 fxe4 18. f4 exf3 19. Bxf3 Bxf3 20. Nxf3 Qg6 21. axb6 axb6 22. Nh4 Qe4 23. Rxf8+ Nxf8 24. Ra7 Qb1+ 25. Qc1 Qe4 26. Qf1 Qxe3+ 27. Kh1 Qe6 28. Nf5 Nd7 29. h3 h6 30. Qf4 Kh7 31. Qg4 g5 32. Nxh6 Qxg4 33. Nxg4 Nc7 34. Nf2 Kg6 35. Ne4 Nf8 36. Rb7 Re8 37. Nxd6 Re1+ 38. Kh2 Re2 39. Bc3 Nce6 40. Rxb6 Rc2 41. Bh8 Nf4 42. Ne4+ N8e6 43. Nxc5 1-0

[Event "SVK-14ch corr9798"]
[Site "Slovakia"]
[Date "1997.??.??"]
[Round "?"]
[White "Hudec, Jan"]
[Black "Nagy, Milan"]
[Result "0-1"]
[WhiteElo "2360"]
[BlackElo "2207"]
[PlyCount "48"]
[EventDate "1997.??.??"]
[EventType "tourn (corr)"]
[EventRounds "14"]
[EventCountry "SVK"]
[EventCategory "2"]
[SourceTitle "Corr Nr. 1"]
[Source "ChessBase"]
[SourceDate "1997.09.01"]
[SourceVersion "2"]
[SourceVersionDate "2000.04.19"]
[SourceQuality "1"]

1. d4 d5 2. c4 e6 3. Nc3 c6 4. Nf3 Nf6 5. e3 Nbd7 6. Qc2 b6 7. Be2 Bb7 8. 0-0 c5 9. cxd5 exd5 10. Rd1 a6 11. b3 Be7 12. Bb2 0-0 13. Qf5 Re8 14. g4 g6 15. Qf4 Nf8 16. Ne5 Ne6 17. Qg3 cxd4 18. exd4 Bd6 19. f4 g5 20. fxg5 Nxg5 21. Qg2 Qc7 22. h4 Rxe5 23. dxe5 Bc5+ 24. Kh2 d4 0-1

[Event "SVK-14ch corr9798"]
[Site "Slovakia"]
[Date "1997.??.??"]
[Round "?"]
[White "Karasek, Lubomir"]
[Black "Nagy, Milan"]
[Result "0-1"]
[WhiteElo "2335"]
[BlackElo "2207"]
[PlyCount "74"]
[EventDate "1997.??.??"]
[EventType "tourn (corr)"]
[EventRounds "14"]
[EventCountry "SVK"]
[EventCategory "2"]
[SourceTitle "Corr Nr. 1"]
[Source "ChessBase"]
[SourceDate "1997.09.01"]
[SourceVersion "2"]
[SourceVersionDate "2000.04.19"]
[SourceQuality "1"]

1. e4 c5 2. Nf3 Nc6 3. Nc3 e6 4. d4 cxd4 5. Nxd4 Qc7 6. g3 a6 7. Bg2 Bb4 8. 0-0 Nge7 9. Nde2 d6 10. a3 Bc5 11. b3 b5 12. Bb2 0-0 13. Qd2 Bb7 14. Rad1 Ne5 15. Kh1 Rfd8 16. Nd4 d5 17. exd5 Nxd5 18. Ne4 Bb6 19. Qe2 Rac8 20. f4 Nd7 21. c4 bxc4 22. bxc4 Ne7 23. Rc1 Nc5 24. Rfd1 Na4 25. Ba1 Nf5 26. Nxf5 exf5 27. Nd2 Bxg2+ 28. Kxg2 Re8 29. Qh5 Qc6+ 30. Nf3 Bc5 31. Qxf5 Re2+ 32. Kh3 Qxf3 33. Qxc8+ Bf8 34. Rd5 Qg2+ 35. Kg4 Nb6 36. Qf5 Nxd5 37. Qxd5 h5+ 0-1

[Event "SVK-14ch corr9798"]
[Site "Slovakia"]
[Date "1997.??.??"]
[Round "?"]
[White "Nagy, Milan"]
[Black "Cacko, Jozef"]
[Result "1/2-1/2"]
[WhiteElo "2207"]
[BlackElo "2132"]
[PlyCount "125"]
[EventDate "1997.??.??"]
[EventType "tourn (corr)"]
[EventRounds "14"]
[EventCountry "SVK"]
[EventCategory "2"]
[SourceTitle "Corr Nr. 1"]
[Source "ChessBase"]
[SourceDate "1997.09.01"]
[SourceVersion "2"]
[SourceVersionDate "2000.04.19"]
[SourceQuality "1"]

1. c4 Nf6 2. Nc3 e5 3. g3 c6 4. d4 exd4 5. Qxd4 d5 6. Bg5 Be7 7. cxd5 cxd5 8. Bg2 Nc6 9. Qa4 0-0 10. e3 Qb6 11. Nge2 Bf5 12. b3 Nb4 13. 0-0 Rac8 14. Rad1 Bd7 15. Qa3 Bg4 16. Rd2 Rfd8 17. Qb2 h6 18. Bxf6 Bxf6 19. Nd4 Qa6 20. a3 Nd3 21. Qa1 Be6 22. Rfd1 Ne5 23. Nce2 Nc6 24. Qa2 Nxd4 25. Nxd4 Bg4 26. Bf1 Qb6 27. Be2 Bxe2 28. Nxe2 Qc5 29. Nf4 d4 30. b4 Qf5 31. exd4 Bg5 32. Qb3 Bxf4 33. Qf3 Re8 34. Qxf4 Qxf4 35. gxf4 Rc3 36. Rd3 Rxd3 37. Rxd3 Re4 38. f5 Kf8 39. f6 gxf6 40. d5 Ke7 41. Kg2 Kd6 42. Rh3 Kxd5 43. Rxh6 Ke6 44. Rh8 Kf5 45. Ra8 a6 46. Rb8 Re7 47. Kg3 Kg6 48. a4 Rd7 49. b5 axb5 50. axb5 Kg5 51. Kf3 Rd3+ 52. Ke4 Rd7 53. f4+ Kg6 54. Rg8+ Kh7 55. Rg4 Rd6 56. Rg3 Rb6 57. Kf5 Kh6 58. Rd3 Kg7 59. Rd5 Re6 60. h4 Kf8 61. h5 Kg7 62. Rd7 Rb6 63. h6+ 1/2-1/2

[Event "SVK-14ch corr9798"]
[Site "Slovakia"]
[Date "1997.??.??"]
[Round "?"]
[White "Nagy, Milan"]
[Black "Rakay, Kvetoslav"]
[Result "1/2-1/2"]
[WhiteElo "2207"]
[BlackElo "2355"]
[PlyCount "98"]
[EventDate "1997.??.??"]
[EventType "tourn (corr)"]
[EventRounds "14"]
[EventCountry "SVK"]
[EventCategory "2"]
[SourceTitle "Corr Nr. 1"]
[Source "ChessBase"]
[SourceDate "1997.09.01"]
[SourceVersion "2"]
[SourceVersionDate "2000.04.19"]
[SourceQuality "1"]

1. c4 e5 2. Nc3 Nc6 3. e3 g6 4. d4 d6 5. d5 Nce7 6. e4 Bg7 7. Nf3 f5 8. Bd3 Nf6 9. 0-0 0-0 10. exf5 gxf5 11. Bc2 f4 12. Ng5 Nf5 13. Qd3 Nd4 14. Nxh7 Bf5 15. Qxf5 Nxf5 16. Nxf8 Nd4 17. Ne6 Nxe6 18. dxe6 Qe8 19. Nd5 Rb8 20. Re1 f3 21. Re3 fxg2 22. Rg3 Qxe6 23. Rg6 Kf7 24. Bg5 e4 25. Re1 Kxg6 26. Nf4+ Kxg5 27. Nxe6+ Kg6 28. b3 b5 29. Bxe4+ Nxe4 30. Rxe4 Kf5 31. f3 Be5 32. Nd4+ Bxd4+ 33. Rxd4 c5 34. Rxd6 bxc4 35. bxc4 Rb2 36. a3 Kf4 37. Rf6+ Ke3 38. h4 Rc2 39. Rf5 Rxc4 40. Kxg2 Rxh4 41. Rxc5 Ra4 42. Rc3+ Kd2 43. Rb3 Kc2 44. Re3 Kb2 45. Kg3 Rxa3 46. Re2+ Kb3 47. f4 Ra1 48. f5 Rg1+ 49. Kf4 a5 1/2-1/2